| 000 | 01347nam a22002777a 4500 | ||
|---|---|---|---|
| 001 | EPSA 0315 | ||
| 003 | gtcocun | ||
| 005 | 20250829194718.0 | ||
| 006 | a||||gr|||| 00| 0 | ||
| 007 | ta | ||
| 008 | 250829b2025 gt ||||| m||| 00| 0 eng d | ||
| 040 |
_agtcocun _bSPA _cgtcocun _eRDA |
||
| 041 | _aSPA EPSA 0315 | ||
| 084 | _0EPSA 0315 | ||
| 100 |
_aMacz Cú, Josué Rodolfo _eAutor |
||
| 245 |
_aINFORME DEL EJERCICIO PROFESIONAL SUPERVISADO, REALIZADO EN GERENCIA SOCIAL DE LA MUNICIPALIDAD DE COBÁN, DEPARTAMENTO DE ALTA VERAPAZ/ _cJosué Rodolfo Macz Cú. _hImpreso |
||
| 264 |
_aCobán, Alta Verapaz: _bUniversidad de San Carlos de Guatemala, Centro Universitario del Norte, _c2025 |
||
| 300 |
_a84 p.: _bIlustraciones, gráficas. _c28 cm; |
||
| 502 | _eEPSA 0315 | ||
| 502 |
_aEjercicio Profesional Supervisado _bLicenciatura en Administración de Empresas, _cUniversidad de San Carlos de Guatemala, Centro Universitario del Norte, Licenciatura en Administración de Empresas _d2025 _oEPSA 0315 |
||
| 650 | 1 | 4 |
_2LEMB _aCobán, Alta Verapaz _xAdministración _xProceso _xEstrategias _xFunciones _xEficacia _xImplementación _xCocode´s |
| 700 |
_aLcda. Gloria Isabel Contreras Pop _eAsesor |
||
| 856 |
_uSin archivo digital _zSin archivo digital |
||
| 942 |
_2ddc _cTES _iEPSA 0315 _kClasificación _n0 _6EPSA_0315_000000000000000 |
||
| 999 |
_c1552 _d1552 |
||